| 000 | 00595nam a2200205Ia 4500 | ||
|---|---|---|---|
| 003 | OSt | ||
| 005 | 20240809125029.0 | ||
| 008 | 210210b2008 xxu||||| |||| 00| 0 eng d | ||
| 040 | _cAL | ||
| 041 | _aKannada | ||
| 082 | _aK894.2 SHAB | ||
| 100 |
_aSHANKARAPILLE (G) _9132254 _dಶಂಕರಪಿಳ್ಳೆ (ಜಿ) |
||
| 245 |
_aBharatavakya _bಭರತವಾಕ್ಯ |
||
| 260 |
_aBangaluru _bNot Mentioned _c2008 |
||
| 300 | _axiii-72 | ||
| 690 |
_aKannada Drama _9132261 |
||
| 700 |
_aNa Da Shetti _dನಾ ದಾ ಶೆಟ್ಟಿ Tr _9176179 |
||
| 906 | _a063569 | ||
| 942 |
_2ddc _cBK |
||
| 999 |
_c138470 _d138470 |
||